| 000 | 00559nam a22001937a 4500 | ||
|---|---|---|---|
| 005 | 20130926113729.0 | ||
| 010 | _aENG-108544 | ||
| 020 |
_a978812034823 _c350.00 |
||
| 035 | _aEN-92077 | ||
| 037 | _aDBAD/PUB | ||
| 100 | _aMarikani, A. | ||
| 245 |
_aEngineering physics / _cby A. Marikani |
||
| 250 | _a2nd edition. | ||
| 260 |
_aNew Delhi _bSage Publications India Pvt. Ltd _c2013 |
||
| 270 |
_aB1/I-1 Mohan Cooperative Industrial Area _bNew Delhi _e110044 |
||
| 300 |
_axv, 490p. : _bill. _c22 cm (pbk) |
||
| 500 | _aIncludes index | ||
| 942 |
_2ddc _cEN _mMAR |
||
| 999 |
_c79397 _d79397 |
||